000 00807nam a2200205 i 4500
001 189324
003 SpMaBN
005 20240419160617.0
008 190523s1911 sp |||| | spa d
245 0 3 _aEl libro de la prensa /
_cprólogo de Miguel Moya.
246 3 _aHomenaje a la prensa española
260 _aMadrid :
_bBiblioteca Renacimiento,
_c1911 (
_fImp. Artística Española)
300 _aXV, 231 p. ;
_c19 cm.
594 _aRecoge artículos, crónicas, cuentos, etc. recopilados por Gregorio Martínez Sierra y Ricardo J. Catarineu.
700 1 _aMoya, Miguel,
_d1856-1920
_9158750
700 1 _aMartínez Sierra, Gregorio,
_d1881-1947
_978429
700 1 _aCatarineu, Ricardo J.
_937049
852 _aES-MaACL
_jL-32330
_z- Donat. Amadeo Aláez Rojo
999 _c189324
_d189324